|
I | | 96.9% | I | | 96.9% | I | | 96.9% | I | | 96.9% | I | | 96.9% | I | | 96.9% | I, | | 96.9% | I | | 96.9% | I | | 96.9% | I | | 96.9% | I | | 96.9% | a | | 95.8% | the | | 95.8% | the | | 95.8% | the | | 95.8% | a | | 95.8% | a | | 95.8% | a | | 95.8% | and | | 95.8% | the | | 95.8% | the | | 95.8% | And | | 95.8% | the | | 95.8% | you | | 85.6% | you | | 85.6% | You | | 85.6% | you | | 85.6% | You | | 85.6% | you | | 85.6% | you | | 85.6% | you | | 85.6% | you | | 85.6% | You | | 85.6% | we | | 75.3% | we | | 75.3% | we | | 75.3% | to | | 70.7% | to | | 70.7% | to | | 70.7% | to | | 70.7% | to | | 70.7% | to | | 70.7% | to | | 70.7% | to | | 70.7% | to | | 70.7% | to | | 70.7% | an | | 69.8% | an | | 69.8% | it | | 68.8% | it, | | 68.8% | it, | | 68.8% | it, | | 68.8% | it, | | 68.8% | it | | 68.8% | it, | | 68.8% | it, | | 68.8% | it, | | 68.8% | it, | | 68.8% | it | | 68.8% | it, | | 68.8% | it, | | 68.8% | it, | | 68.8% | it, | | 68.8% | your | | 68.3% | your | | 68.3% | your | | 68.3% | go | | 67.3% | go | | 67.3% | go | | 67.3% | do | | 67.1% | in. | | 66.4% | in | | 66.4% | on | | 63.6% | is | | 63.6% | on | | 63.6% | is | | 63.6% | on | | 63.6% | is | | 63.6% | on | | 63.6% | for | | 60.6% | for; | | 60.6% | for | | 60.6% | of | | 58.6% | of | | 58.6% | of | | 58.6% | my | | 58.2% | my | | 58.2% | my | | 58.2% | my | | 58.2% | time | | 57.9% | time | | 57.9% | time | | 57.9% | time | | 57.9% |
|
|
|
over | | 40.5% | over | | 40.5% | over | | 40.5% | over | | 40.5% | everything | | 40.1% | everything | | 40.1% | everything | | 40.1% | way. | | 40.1% | floor, | | 39.2% | dark | | 39.1% | side | | 39.1% | things | | 39.1% | things | | 39.1% | sweat | | 37.7% | sweat | | 37.7% | sweat | | 37.7% | sweat | | 37.7% | sweat | | 37.7% | sweat | | 37.7% | us | | 37.5% | sleeve. | | 37.3% | sleeve. | | 37.3% | sleeve. | | 37.3% | leave, | | 37% | leave, | | 37% | leave, | | 37% | come | | 36.9% | come | | 36.9% | come | | 36.9% | Lit | | 36.6% | bargained | | 35.6% | watch | | 35.6% | watch | | 35.6% | watch | | 35.6% | feelings | | 35.4% | feelings | | 35.4% | a-ok. | | 35% | a-ok. | | 35% | a-ok. | | 35% | drink | | 35% | match | | 34.7% | around | | 34.4% | around | | 34.4% | around | | 34.4% | heat | | 34.3% | off | | 33.6% | off | | 33.6% | off | | 33.6% | find | | 33.4% | find | | 33.4% | find | | 33.4% | ran | | 33.3% | ran, | | 33.3% | ran | | 33.3% | ran | | 33.3% | ran | | 33.3% | ran | | 33.3% | known | | 33.2% | Mixed | | 32.6% | mixed | | 32.6% | Nothing | | 32.6% | f*** | | 32.5% | another | | 32.3% | Isn't | | 32.3% | another | | 32.3% | another | | 32.3% | invitation. | | 31.6% | drinks, | | 31.3% | again, | | 31.1% | elation, | | 30.3% | Let's | | 30.3% | right. | | 30.3% | casual | | 30.1% | sensation. | | 29.4% | didn't | | 29.4% | been | | 29.1% | temptation | | 28.8% | operate? | | 28.4% | giving | | 27.9% | face, | | 26.5% | face, | | 26.5% | face, | | 26.5% | oath, | | 25.5% | Falling | | 23.5% | that's | | 22.9% | lights | | 21.6% | pulling | | 20.2% | tension | | 20% | dim, | | 19.2% | Outside, | | 16.9% | started | | 15.9% | brake | | 13.8% |
|
Comments